Príručka právnych predpisov pre knižnice a informačné strediská VTEI. 4. zv. 2. časť, dodatok k 1.-3 zv. /

Gespeichert in:
Bibliographische Detailangaben
1. Verfasser: Bezák, Jozef (VerfasserIn)
Format: Buch
Sprache:Tschechisch
Veröffentlicht: Bratislava : Slovenské pedagogické nakladateľstvo, 1976
Schriftenreihe:rz1
Online-Zugang: Volltext
Tags: Tag hinzufügen
Keine Tags, Fügen Sie den ersten Tag hinzu!

MARC

LEADER 00000cam a2200000 4500
003 SK-BrCVT
005 20220621173055.0
008 090916s1976 cs e ||||||cze d
035 |a CVTIDWR012071 
040 |a    |b slo  |c    |d   
041 0 |a cze 
044 |a cs 
100 |a Bezák, Jozef  |4 aut 
245 1 0 |a Príručka právnych predpisov pre knižnice a informačné strediská VTEI.  |n 4. zv. 2. časť,  |p dodatok k 1.-3 zv. /  |c Spracoval: Jozef Bezák 
260 3 |a Bratislava :  |b Slovenské pedagogické nakladateľstvo,  |c 1976 
300 |a S. 383-767. 
830 |a rz1 
974 |f Knihy 
999 |c 203861  |d 203861